000 00641cam a22002411 4500
001 18537
003 BD-RjUL
005 20211209000311.0
008 140220s1966 xx 000 0 eng
035 _a(BD-RjUL)18595
035 _a(OCoLC)3463007
040 _aDLC
_cAJacT
_dUk
_dDLC
_dBD-RjUL
_beng
041 _aeng
082 _a823.9
_bDIR
100 1 _aDickens, Monica,
_d1915-1992.
_957136
245 1 4 _aThe room upstairs /
_cMonica Dickens
260 _aLondon :
_bHeinemann,
_cc1966.
300 _a247 p. ;
_c22 cm.
650 _aLiterary
_957137
942 _2ddc
_cBK
999 _c18537
_d18537